000 00442nam a22001817a 4500
003 koha_MIRAKIL
005 20231213065335.0
008 231213b |||||||| |||| 00| 0 ||| d
020 _b978-9-75476727-8
040 _aTR-IsEVY
_btur
_cTR-IsEVY
082 _a810 TOS/Ç
100 _aTOSYALI, FİLİZ.
245 0 _aÇİTLENBİK AĞACI.
260 _bÖZYÜREK,
_c2009
300 _a93.
650 _aTürk Edebiyatı.
942 _2ddc
_cBK
999 _c2014
_d2014